00490nam a2200157Ia 4500003000900000008004100009020001800050040001600068080001700084100002300101245010300124260003100227300000900258650004100267650002400308IN-BaIIA211028s9999 xx 000 0 eng d a0-915554-01-1 cIIA Library a(035)52bCOR aCorliss, William R 0aHandbook of Unusual Natural PhenomenacWilliam R Corliss  bHeffers Book Sellersc1977 a542p aAstronomy and Astrophysics Thesaurus aAstronomy-Handbooks